| 000 | 00783nam a2200217 a 4500 | ||
|---|---|---|---|
| 008 | 120416s2000 ||||||||||||||||| || u | ||
| 020 | _a0273630849 | ||
| 050 | _aHF 5549.5.C67 Str | ||
| 100 | _aThorpe, Richard, 1951- | ||
| 245 | 1 | 0 |
_aStrategic reward systems _cedited Richard Thorpe |
| 260 |
_aHarlow: _bPrentice Hall _c2000 |
||
| 260 |
_aHarlow: _bFinancial Times _c2000 |
||
| 300 | _ap. cm. | ||
| 350 | _a0.00 | ||
| 500 | _aIncludes bibliographical references and index. | ||
| 650 | _aWAGE PAYMENT SYSTEMS | ||
| 650 | _aINCENTIVES IN INDUSTRY | ||
| 650 | _aCOMPENSATION MANAGEMENT | ||
| 700 | _aHoman, Gill | ||
| 995 |
_D0.00 _FCBU-MAIN LIBRARY (Kitwe) _H1 _I25.95 _M1 _UAVAILABLE _ZMain Library Open Access Collection |
||
| 999 |
_c58556 _d58556 |
||